| 000 | 01419nam0a22003611 4500 | ||
|---|---|---|---|
| 001 | v19\rc\1283899 | ||
| 005 | 20260406071348.0 | ||
| 035 | _a(NLR Aleph) 004433471 | ||
| 090 |
_a4300648 _c4300648 |
||
| 100 | _a20060306d1842 |||y0rusy50 ca | ||
| 101 | 0 | _arus | |
| 102 | _aRU | ||
| 105 | _ay b |||a| | ||
| 200 | 1 |
_aУстное повествование бывшего запорожца, жителя Екатеринославской губернии и уезда, селения Михайловки, Никиты Леонтьевича Коржа _f[Предисл.: Гавриил, А.Х. и Т.] |
|
| 210 |
_aОдесса _cГор. тип. _d1842 |
||
| 215 |
_a[6], 95 с. _d23 |
||
| 700 | 1 |
_aКорж _bН.Л. _f1731-1835 _gНикита Леонтьевич |
|
| 702 | 0 |
_4080 _8rus _7ca _aГавриил _cРозанов, Василий Федорович _cархиепископ Тверской и Кашинский _f1781-1858 _3RU\NLR\AUTH\7716455 _9126095 |
|
| 801 | 0 |
_aRU _bNLR _gpsbo |
|
| 801 | 0 |
_aRU _bRuMoRGB _2psbo |
|
| 801 | 1 |
_aRU _bProSoft-M _2rusmarc |
|
| 852 |
_aNLR _j18.7.3.158 |
||
| 852 |
_aNLR _bМф _jК1/11293 |
||
| 899 |
_aRuMoRGB _jF 17/28 |
||
| 899 |
_aRuMoRGB _jS 77/443 |
||
| 899 |
_aRuMoRGB _jU 301/398 |
||
| 899 |
_aRuMoRGB _jПриплет к S 10/518 |
||
| 899 |
_aRuMoRGB _jФ 1-54/476 |
||
| 899 | _aБАН | ||
| 899 | _aГПИБ | ||
| 942 | _cBOOK | ||
| 980 | _aNB | ||